000
00269nam a22001217a 4500
008
181102b xxu||||| |||| 00| 0 eng d
041
_a
eng
080
_2
12th
_a
611
100
_a
6
101
_a
ANA
245
_a
Medical Physiology
_c
Mountcastle, V.B
942
_2
udc
_c
BK
999
_c
51736
_d
51736